Tuyếc - bin hơi và thiết bị ngưng tụ

Salvato in:
Dettagli Bibliografici
Autore principale: X.M.Lôxep
Natura: Libro
Lingua:Undetermined
Pubblicazione: Hà Nội Công nghiệp nặng 1961
Soggetti:
Tags: Aggiungi Tag
Nessun Tag, puoi essere il primo ad aggiungerne! !
Thư viện lưu trữ: Trung tâm Học liệu Trường Đại học Cần Thơ
LEADER 00514nam a2200169Ia 4500
001 CTU_46185
008 210402s9999 xx 000 0 und d
082 |a 621.165 
082 |b L879/T2 
100 |a X.M.Lôxep 
245 0 |a Tuyếc - bin hơi và thiết bị ngưng tụ 
245 0 |c X.M.Lôxep 
260 |a Hà Nội 
260 |b Công nghiệp nặng 
260 |c 1961 
650 |a steam engineering,steam-engines,steam-heating 
980 |a Trung tâm Học liệu Trường Đại học Cần Thơ